000 00310nam a2200133Ia 4500
005 20260328101509.0
008 260328s9999||||xx |||||||||||||| ||und||
100 _aLe Corbusier
245 0 _aU.N. Headquarters /
_cLe Corbusier
260 _bReinhold
300 _a80 p.
650 _aARQUITECTURA
942 _cBK
999 _c9137
_d9137